The impacts of World Heritage Sites on Malta's tourism

Bibliográfiai részletek
Szerző: Sárkány Dóra
További közreműködők: Talabos István
Dokumentumtípus: Diplomadolgozat
Kulcsszavak:Malta
tourism
Hungarians
travelling habits
World Heritage Sites
Online Access:http://dolgozattar.uni-bge.hu/9977

MARC

LEADER 00000nta a2200000 i 4500
001 dolg9977
005 20180301165023.0
008 170421suuuu hu om 000 eng d
040 |a BGE Dolgozattár Repozitórium  |b hun 
041 |a en 
100 1 |a Sárkány Dóra 
245 1 4 |a The impacts of World Heritage Sites on Malta's tourism  |c Sárkány Dóra  |h [elektronikus dokumentum] 
246 1 1 |a The impacts of World Heritage Sites on Malta's toruism 
695 |a Malta 
695 |a tourism 
695 |a Hungarians 
695 |a travelling habits 
695 |a World Heritage Sites 
700 1 |a Talabos István  |e ths 
856 4 0 |u http://dolgozattar.uni-bge.hu/9977/1/final-1-72.pdf  |z Dokumentum-elérés